000 01126cam a2200301 a 4500
005 20260322212009.0
008 data
010 _a 99055475
020 _a0471161187 (paper/CDROM : alk. paper)
020 _a0471381535 (CD-ROM)
020 _a978-0471161189 (paper/CD-ROM : alk. paper)
020 _a978-0471381532 (CD-ROM)
040 _aDLC
_cDLC
_dCtY
050 0 0 _aQE28.2
_b.S55 1999
092 _a550 S55 1999
100 1 _aSkinner, Brian J.,
_d1928-
245 1 4 _aThe dynamic earth :
_ban introduction to physical geology /
_cBrian J. Skinner, Stephen C. Porter.
250 _a4th ed.
260 _aNew York :
_bWiley,
_c[1999], c2000.
300 _a1 v. (various pagings) :
_bcol. ill. ;
_c28 cm.
_e+ 1 computer laser optical disc (4 3/4 in.)
500 _aCD-ROM has title: Geosciences in action : virtual internships, videos, and animations.
504 _aIncludes bibliographical references (p. SR1-SR2) and index.
590 _aIncludes index
650 0 _aPhysical geology.
700 1 _aPorter, Stephen C.
740 0 _aGeosciences in action : virtual internships, videos, and animations.
001 data
999 _c164
_d164